Sobre la belleza y el amor: Fedro, Banquete, Hipias

Salvato in:
Dettagli Bibliografici
Autore principale: Platón (Autore)
Altri autori: García Bacca, Juan David (traductor)
Natura: Libro
Lingua:spagnolo
Pubblicazione: Madrid Mediterraneo 1981
Edizione:5a. ed
Soggetti:
Tags: Aggiungi Tag
Nessun Tag, puoi essere il primo ad aggiungerne!!

MARC

LEADER 00000nam a2200000 a 4500
001 UCY6254
003 CL-VaPUC
005 20230712162900.0
008 950521e19810000SP |||||||||||||||||spa|d
999 |c 233833  |d 233831 
040 |c Pontificia Universidad Católica de Valparaíso 
082 0 4 |a 184  |b PLA  |2 21 
100 0 |a Platón  |e author  |9 222 
245 1 0 |a Sobre la belleza y el amor: Fedro, Banquete, Hipias 
250 |a 5a. ed 
260 |a Madrid  |b Mediterraneo  |c 1981 
300 |a 164 p 
583 |a last modification  |c 19950521 00:00:00  |k Rodrigo Vera 
650 0 |a Filosofía   |9 223554 
650 0 |a Belleza   |9 265712 
650 0 |a Amor  |9 257817 
700 1 |a García Bacca, Juan David  |e traductor  |9 621893 
942 |c BK  |2 ddc 
945 |d 19950521 00:00:00  |a oaravena 
952 |0 0  |1 0  |4 0  |6 184_000000000000000_PLA_1981  |7 0  |8 R  |9 239611  |a BIBEDU  |b BIBEDU  |c MCIRC  |d 2019-11-18  |i 1506102  |o 184 PLA 1981  |p 1506102  |r 2023-01-13  |w 2019-11-18  |y BK_R  |k FIL